000 00519nam a2200181Ia 4500
008 090122s9999 xx 000 0 und d
082 _b11586
100 _aभेंडे
_bआत्माराम
245 _aआत्मरंग
260 _bआरती
_c2006
300 _a320
501 _aआरती प्रकाशन / बि. नं. 5081-82
600 _aभेंडे
630 _aआत्मरंग
700 _aभेंडे
730 _aआत्मरंग
942 _cBOOK
999 _c35663
_d35663